00788 a2200145 4500020002700000020003000027082001000057100001900067245004600086250001200132260004500144300002100189520035000210856008200560 a0875847196 (hardcover) a9780875847191 (hardcover)04a658.31 aUlrich, David.10aHuman resource champions /cDavid Ulrich. a1st ed. a[S.l.] :bHarvard Business Press,c1996. a281 p. ;c24 cm. aThe management of human resources, says the author, holds the key to an organization's future success. HR people serve as strategic players, administrative experts, employee champions and change agents. Full of illustrations and examples from dozens of companies, this book show how HR professionals can operate in all four areas simultaneously.403Amazon.comuhttp://www.amazon.com/exec/obidos/ASIN/0875847196/chopaconline-20